[Event "Frantisek Zita Memorial (13. Prague Festival)"]
[Site "Praha"]
[Date "2017.07.06"]
[Round "6.1"]
[White "Strebkovs, Andrejs"]
[Black "Vokoun, Jan"]
[Result "0-1"]
[WhiteElo "2321"]
[BlackElo "2104"]
[Annotator ""]
[Source ""]
[Remark ""]

1.g3 d5 2.Nf3 Nf6 3.c4 g6 4.b3 Bg7 5.Bb2 dxc4 6.bxc4 c5 7.Bg2
Nc6 8.O-O O-O 9.d3 Bd7 10.Nc3 Rc8 11.Rb1 Ne8 12.Ne4 Bxb2 13.Rxb2
b6 14.Qc1 f5 15.Nc3 Nf6 16.h4 Kg7 17.Nd5 e6 18.Nf4 e5 19.Nd5
Be6 20.Ng5 Bg8 21.Nc3 h6 22.Nf3 Qd6 23.Rd2 Nd4 24.Ne1 Rcd8 25.e3
Ne6 26.f4 exf4 27.gxf4 Nc7 28.Nf3 Ng4 29.Rdd1 Qe7 30.Rfe1 Qf6
31.e4 fxe4 32.Rxe4 Be6 33.Nb5 Nxb5 34.cxb5 Bd5 35.Ra4 Bxf3 36.Bxf3
Qxh4 37.Qb2+ Rf6 38.Rxa7+ Kf8 39.Rh7 Qg3+ 40.Qg2 Qxg2+ 41.Bxg2
Ne3 42.Re1 Rxd3 43.Be4 Ra3 44.Rxh6 Rxf4 45.Bxg6 Ng4 46.Rh4 Rg3+
47.Kh1 Kg7 48.Bh5 Kf6 49.Bxg4 Rfxg4 50.Rh6+ Rg6 51.Rxg6+ Rxg6
52.Re8 Kf5 53.a4 Re6 54.Rc8 Ke5 55.a5 bxa5 56.Rxc5+ Kd4 57.Rc6
Re1+ 58.Kg2 Rb1 59.b6 a4 60.Kf2 a3 61.b7 Rxb7 62.Ra6 Rb3 63.Rc6
Rb2+ 64.Kf3 a2 65.Ra6 Kc3 66.Rc6+ Kb3 67.Rb6+ Kc2 68.Ra6 Kb1 0-1

[Event "Frantisek Zita Memorial (13. Prague Festival)"]
[Site "Praha"]
[Date "2017.07.06"]
[Round "6.2"]
[White "Burdalev, Kirill"]
[Black "Prithu, Gupta"]
[Result "1/2-1/2"]
[WhiteElo "2343"]
[BlackElo "2293"]
[Annotator ""]
[Source ""]
[Remark ""]

1.Nf3 d5 2.d4 Nf6 3.c4 e6 4.g3 Be7 5.Bg2 O-O 6.O-O dxc4 7.Qc2
b6 8.Nbd2 Bb7 9.Nxc4 Be4 10.Qa4 Nc6 11.Nce5 Qd5 12.Nxc6 Qxc6
13.Qxc6 Bxc6 14.Bf4 Bd6 15.Rfc1 Bd5 16.Ne1 Bxg2 17.Kxg2 Rfd8
18.e3 Nd5 19.Bxd6 cxd6 20.Rc6 Rac8 21.Rac1 Rxc6 22.Rxc6 f5 23.Nd3
Kf7 24.Nf4 Nxf4+ 25.gxf4 Ke7 26.b4 Kd7 27.b5 d5 28.f3 1/2-1/2

[Event "Frantisek Zita Memorial (13. Prague Festival)"]
[Site "Praha"]
[Date "2017.07.06"]
[Round "6.3"]
[White "Soural, Jan"]
[Black "Istona, Martin"]
[Result "0-1"]
[WhiteElo "2217"]
[BlackElo "2263"]
[Annotator ""]
[Source ""]
[Remark ""]

1.d4 Nf6 2.c4 g6 3.Nc3 Bg7 4.e4 d6 5.Nf3 O-O 6.Be2 e5 7.O-O Nc6
8.d5 Ne7 9.Ne1 Nd7 10.Be3 f5 11.f3 f4 12.Bf2 g5 13.Rc1 Rf6 14.Nd3
Rh6 15.Be1 Rg6 16.c5 Nf6 17.cxd6 cxd6 18.Nb5 Ne8 19.a4 Bd7 20.Nf2
h5 21.Rc3 a6 22.Na3 Nf6 23.Qb3 g4 24.Nd3 gxf3 25.Bxf3 Ng4 26.Bh4
b5 27.Nc2 Bf6 28.Bxf6 Nxf6 29.axb5 axb5 30.Ncb4 Ng4 31.Nc2 Qb6+
32.Kh1 Kh8 33.Ra1 Rxa1+ 34.Nxa1 Rg7 35.Rc1 Ng6 36.Qc2 Qe3 37.Re1
Qxd3 0-1

[Event "Frantisek Zita Memorial (13. Prague Festival)"]
[Site "Praha"]
[Date "2017.07.06"]
[Round "6.4"]
[White "Kulhanek, Tomas"]
[Black "Pribylova, Sofie"]
[Result "1/2-1/2"]
[WhiteElo "2347"]
[BlackElo "1970"]
[Annotator ""]
[Source ""]
[Remark ""]

1.e4 c5 2.Nf3 d6 3.Bb5+ Nd7 4.c3 Ngf6 5.Qe2 a6 6.Ba4 Qc7 7.O-O
e6 8.d4 Be7 9.e5 dxe5 10.dxe5 Nd5 11.c4 Nb4 12.Nc3 O-O 13.Bf4
Rd8 14.Rad1 Nf8 15.Rxd8 Bxd8 16.Rd1 Bd7 17.a3 Na2 18.Bxd7 Nxc3
19.bxc3 Nxd7 20.Qe4 Be7 21.Bg5 Nxe5 22.Nxe5 Bxg5 23.f4 Rd8 24.Rb1
Bh4 25.g3 Bf6 26.Rxb7 1/2-1/2

[Event "Frantisek Zita Memorial (13. Prague Festival)"]
[Site "Praha"]
[Date "2017.07.06"]
[Round "6.5"]
[White "Rahul, Srivatshav Peddi"]
[Black "Pribyl, Josef"]
[Result "1/2-1/2"]
[WhiteElo "2295"]
[BlackElo "2256"]
[Annotator ""]
[Source ""]
[Remark ""]

1.d4 d5 2.c4 e6 3.Nc3 Nf6 4.cxd5 exd5 5.Bg5 Be7 6.e3 Nbd7 7.Bd3
O-O 8.Nf3 Re8 9.Qc2 Nf8 10.h3 c6 11.O-O Nh5 12.Bxe7 Qxe7 13.Rfb1
Nf6 14.b4 a6 15.a4 Ne6 16.b5 axb5 17.axb5 Rxa1 18.Rxa1 c5 19.dxc5
Qxc5 20.Ne2 Qxc2 21.Bxc2 Kf8 22.Ned4 g6 23.g4 Ke7 24.Nxe6 fxe6
25.g5 Nd7 26.e4 Kd6 27.h4 Rf8 28.Kg2 Ne5 29.Nxe5 Kxe5 30.exd5
exd5 31.Re1+ Kd6 32.Kg3 Bf5 33.Bxf5 Rxf5 34.f4 d4 35.Kf3 Rxb5
36.Ke4 Rb4 37.Kd3 1/2-1/2

[Event "Frantisek Zita Memorial (13. Prague Festival)"]
[Site "Praha"]
[Date "2017.07.07"]
[Round "7.1"]
[White "Pribyl, Josef"]
[Black "Strebkovs, Andrejs"]
[Result "1/2-1/2"]
[WhiteElo "2256"]
[BlackElo "2321"]
[Annotator ""]
[Source ""]
[Remark ""]

1.d4 d5 2.Bf4 Nf6 3.e3 g6 4.Nf3 Bg7 5.h3 O-O 6.Nbd2 c6 7.Bd3
Nbd7 8.O-O Re8 9.c4 b6 10.Rc1 Bb7 11.Re1 1/2-1/2

[Event "Frantisek Zita Memorial (13. Prague Festival)"]
[Site "Praha"]
[Date "2017.07.07"]
[Round "7.2"]
[White "Pribylova, Sofie"]
[Black "Rahul, Srivatshav Peddi"]
[Result "0-1"]
[WhiteElo "1970"]
[BlackElo "2295"]
[Annotator ""]
[Source ""]
[Remark ""]

1.d4 Nf6 2.c4 g6 3.Nc3 Bg7 4.e4 d6 5.Be2 O-O 6.Bg5 Na6 7.Qd2
c6 8.h4 h5 9.f3 Nc7 10.Nh3 Nh7 11.g4 Nxg5 12.hxg5 hxg4 13.fxg4
Ne6 14.d5 Nd4 15.Nf4 e6 16.dxe6 Qxg5 17.exf7+ Rxf7 18.Nd3 Qxd2+
19.Kxd2 Be6 20.Raf1 Nxe2 21.Nxe2 Rxf1 22.Rxf1 Bxc4 23.b3 Bh6+
24.Kc3 Bf7 25.Ndf4 Rf8 26.Nd3 Re8 27.Ng3 Kg7 28.Kd4 Be6 29.e5
dxe5+ 30.Nxe5 Rd8+ 31.Kc3 Rd5 32.Nc4 Bxg4 33.Re1 Rd7 34.Ne4 Re7
35.Ncd6 Bf4 36.Rg1 Bh3 37.a4 Re6 38.Rd1 Bg2 0-1

[Event "Frantisek Zita Memorial (13. Prague Festival)"]
[Site "Praha"]
[Date "2017.07.07"]
[Round "7.3"]
[White "Istona, Martin"]
[Black "Kulhanek, Tomas"]
[Result "1/2-1/2"]
[WhiteElo "2263"]
[BlackElo "2347"]
[Annotator ""]
[Source ""]
[Remark ""]

1.e4 d6 2.d4 g6 3.Nc3 Bg7 4.Be3 Nf6 5.Qd2 c6 6.Bh6 Bxh6 7.Qxh6
Qa5 8.Bd3 c5 9.d5 Nbd7 10.Nf3 c4 11.Bxc4 Qc5 12.Bd3 Qxf2+ 13.Kxf2
Ng4+ 14.Ke2 Nxh6 15.h3 1/2-1/2

[Event "Frantisek Zita Memorial (13. Prague Festival)"]
[Site "Praha"]
[Date "2017.07.07"]
[Round "7.4"]
[White "Prithu, Gupta"]
[Black "Soural, Jan"]
[Result "1-0"]
[WhiteElo "2293"]
[BlackElo "2217"]
[Annotator ""]
[Source ""]
[Remark ""]

1.e4 c5 2.Nf3 Nc6 3.d4 cxd4 4.Nxd4 g6 5.Nc3 Bg7 6.Be3 Nf6 7.Bc4
O-O 8.Bb3 a5 9.O-O a4 10.Nxa4 Nxe4 11.Nb5 d5 12.Qe2 d4 13.Bf4
Nd6 14.Nxd6 exd6 15.c3 Re8 16.Qb5 Bd7 17.Qd5 Ne5 18.Bxe5 Rxe5
19.Qxd6 Ra6 20.Qxd4 Rea5 21.Qf4 Bxa4 22.Qxf7+ Kh8 23.Bxa4 Rxa4
24.Rfe1 Rf6 25.Qxb7 Qd2 26.f3 Rh4 27.Rad1 Qh6 28.Re8+ Rf8 29.Qe7
Rxe8 30.Qxe8+ Bf8 31.h3 Rf4 32.Qe5+ Kg8 33.Qe6+ Rf7 34.b4 Qf4
35.Rd7 Qc1+ 36.Kf2 Qc2+ 37.Kg3 Qf5 38.Qxf7+ Qxf7 39.Rxf7 Kxf7
40.Kf4 Ke6 41.Ke4 Bg7 42.Kd3 Kd5 43.a4 h5 44.c4+ Kc6 45.g4 hxg4
46.fxg4 g5 47.a5 Bf8 48.b5+ Kb7 49.Ke4 Bb4 50.a6+ Kb6 51.Kd5
Bd2 52.c5+ 1-0

[Event "Frantisek Zita Memorial (13. Prague Festival)"]
[Site "Praha"]
[Date "2017.07.07"]
[Round "7.5"]
[White "Vokoun, Jan"]
[Black "Burdalev, Kirill"]
[Result "1/2-1/2"]
[WhiteElo "2104"]
[BlackElo "2343"]
[Annotator ""]
[Source ""]
[Remark ""]

1.Nf3 d5 2.d4 Nf6 3.c4 c6 4.Qc2 dxc4 5.Qxc4 Bf5 6.Nbd2 e6 7.e3
Nbd7 8.Bd3 Bxd3 9.Qxd3 c5 10.O-O cxd4 11.Qxd4 Bc5 12.Qa4 O-O
13.b4 Be7 14.Bb2 Nb6 15.Qb3 Qd5 16.b5 a6 17.Bd4 Nfd7 18.bxa6
Rxa6 19.Rfb1 Bc5 20.Qxd5 exd5 21.Bxc5 Nxc5 22.Rb5 Nca4 23.Rc1
Raa8 24.Kf1 Rfc8 25.Rcb1 Nc4 26.Rxb7 Nc3 27.Ra1 Nxa2 28.g4 Ra4
29.Nb3 Nc3 30.Rxa4 Nxa4 31.Ra7 Nc3 32.Nbd4 Rb8 33.Ne2 Ne4 34.Nfd4
h6 35.Ra2 Rb1+ 36.Kg2 Nf6 37.h3 Rb7 38.Ng3 Nd6 39.Ndf5 Nde4 40.Nxe4
Nxe4 1/2-1/2

[Event "Frantisek Zita Memorial (13. Prague Festival)"]
[Site "Praha"]
[Date "2017.07.08"]
[Round "8.1"]
[White "Strebkovs, Andrejs"]
[Black "Burdalev, Kirill"]
[Result "0-1"]
[WhiteElo "2321"]
[BlackElo "2343"]
[Annotator ""]
[Source ""]
[Remark ""]

1.c4 Nf6 2.b3 g6 3.Bb2 Bg7 4.Nf3 O-O 5.e3 d6 6.Be2 e5 7.d3 Nbd7
8.O-O Re8 9.Nbd2 c6 10.a3 d5 11.b4 e4 12.dxe4 dxe4 13.Ne1 Ne5
14.Qc2 Bf5 15.Nb3 h5 16.c5 Bg4 17.Bxe5 Rxe5 18.b5 cxb5 19.Bxb5
b6 20.Nd4 Rxc5 21.Qb3 Rac8 22.f3 exf3 23.Nexf3 Qe7 24.Rfe1 Ne4
25.Ra2 Nc3 26.Rd2 Bxf3 27.gxf3 Nxb5 28.Nxb5 Qg5+ 0-1

[Event "Frantisek Zita Memorial (13. Prague Festival)"]
[Site "Praha"]
[Date "2017.07.08"]
[Round "8.4"]
[White "Rahul, Srivatshav Peddi"]
[Black "Istona, Martin"]
[Result "1/2-1/2"]
[WhiteElo "2295"]
[BlackElo "2263"]
[Annotator ""]
[Source ""]
[Remark ""]

1.d4 Nf6 2.c4 g6 3.Nc3 d5 4.cxd5 Nxd5 5.e4 Nxc3 6.bxc3 Bg7 7.Nf3
c5 8.Be3 Qa5 9.Qd2 Nc6 10.Rb1 a6 11.Rc1 cxd4 12.cxd4 Qxd2+ 13.Kxd2
f5 14.e5 h6 15.h4 Rf8 16.g3 Be6 17.Bc4 Bxc4 18.Rxc4 e6 19.Rb1
Rf7 20.Ne1 Rd7 21.Nd3 Bf8 22.Ke1 g5 23.hxg5 hxg5 24.Bxg5 Nxd4
25.Be3 Nc6 26.Nc5 Bxc5 27.Rxc5 O-O-O 1/2-1/2

[Event "Frantisek Zita Memorial (13. Prague Festival)"]
[Site "Praha"]
[Date "2017.07.08"]
[Round "8.5"]
[White "Pribyl, Josef"]
[Black "Pribylova, Sofie"]
[Result "1-0"]
[WhiteElo "2256"]
[BlackElo "1970"]
[Annotator ""]
[Source ""]
[Remark ""]

1.d4 Nf6 2.Nf3 g6 3.g3 Bg7 4.Bg2 O-O 5.c4 c5 6.Nc3 d5 7.cxd5
Nxd5 8.O-O Nc6 9.Nxd5 Qxd5 10.Be3 cxd4 11.Nxd4 Qh5 12.Nxc6 bxc6
13.Bxc6 Rb8 14.Bf3 Bg4 15.Rb1 Bxf3 16.exf3 Rxb2 17.Rxb2 Bxb2
18.Bxa7 Qa5 19.Qb3 Ra8 20.Qxb2 Qxa7 21.Rd1 h5 22.h4 Kh7 23.Rd2
Qa3 24.Qb3 Kg7 25.Kg2 Qc1 26.Rc2 Qe1 27.Qb2+ e5 28.Re2 Qa5 29.f4
Qd5+ 30.Kh2 f6 31.fxe5 fxe5 32.Rxe5 Rxa2 33.Re7+ 1-0

[Event "Frantisek Zita Memorial (13. Prague Festival)"]
[Site "Praha"]
[Date "2017.07.09"]
[Round "9.1"]
[White "Pribylova, Sofie"]
[Black "Strebkovs, Andrejs"]
[Result "0-1"]
[WhiteElo "1970"]
[BlackElo "2321"]
[Annotator ""]
[Source ""]
[Remark ""]

1.d4 Nf6 2.c4 g6 3.Nc3 Bg7 4.e4 O-O 5.Be2 c6 6.Bg5 d5 7.e5 Ne8
8.c5 f6 9.exf6 exf6 10.Be3 Nc7 11.Nf3 f5 12.Bf4 Nd7 13.O-O Ne6
14.Bd6 Re8 15.b4 Qf6 16.Be5 Nxe5 17.dxe5 Qe7 18.Rc1 f4 19.Re1
Ng5 20.b5 Bd7 21.Nxd5 cxd5 22.Nxg5 Qxg5 23.Qxd5+ Be6 24.Qxb7
Bxe5 25.Bf3 Bxa2 26.Qa6 Bf7 27.b6 Bd4 28.Rxe8+ Rxe8 29.bxa7 Bd5
30.Bxd5+ Qxd5 31.c6 Bxf2+ 32.Kh1 f3 33.Qf1 fxg2+ 34.Qxg2 Qxg2+
35.Kxg2 Bxa7 36.Kf3 Kf7 37.Rd1 Re7 38.Kg4 Bb8 39.h4 h5+ 40.Kf3
Rc7 41.Rb1 Rc8 42.Ke4 Bg3 43.Kd5 Bxh4 44.Rb7+ Kf6 45.Kd6 Bg3+
46.Kd7 Rh8 47.c7 Bxc7 0-1

[Event "Frantisek Zita Memorial (13. Prague Festival)"]
[Site "Praha"]
[Date "2017.07.09"]
[Round "9.2"]
[White "Istona, Martin"]
[Black "Pribyl, Josef"]
[Result "1/2-1/2"]
[WhiteElo "2263"]
[BlackElo "2256"]
[Annotator ""]
[Source ""]
[Remark ""]

1.e4 Nf6 2.e5 Nd5 3.d4 d6 4.c4 Nb6 5.f4 Bf5 6.Nc3 dxe5 7.fxe5
Nc6 8.Be3 e6 9.Nf3 Bg4 10.Be2 Bxf3 11.gxf3 Qh4+ 1/2-1/2

[Event "Frantisek Zita Memorial (13. Prague Festival)"]
[Site "Praha"]
[Date "2017.07.09"]
[Round "9.3"]
[White "Prithu, Gupta"]
[Black "Rahul, Srivatshav Peddi"]
[Result "1-0"]
[WhiteElo "2293"]
[BlackElo "2295"]
[Annotator ""]
[Source ""]
[Remark ""]

1.e4 e6 2.d4 d5 3.Nc3 Nf6 4.e5 Nfd7 5.f4 c5 6.Nf3 Nc6 7.Be3 cxd4
8.Nxd4 Bc5 9.Qd2 O-O 10.O-O-O a6 11.Qf2 Bxd4 12.Bxd4 b5 13.Be3
Bb7 14.Kb1 Rc8 15.Bd3 Nb4 16.a3 Nxd3 17.Rxd3 Qc7 18.Bd4 Nc5 19.Rh3
g6 20.g4 Nd7 21.f5 f6 22.exf6 Nxf6 23.Qh4 e5 24.Re1 Rce8 25.Rxe5
Qxe5 26.Bxe5 Rxe5 27.g5 Nh5 28.f6 h6 29.gxh6 Rxf6 30.h7+ Kh8
31.Qd4 Ree6 32.Re3 Rxe3 33.Qxe3 Bc6 34.Qe7 Rf4 35.Ka2 Rf6 36.Ne2
d4 37.Ng3 Bd5+ 38.b3 Rf2 39.Qd8+ Kxh7 40.Qxd5 Nxg3 41.hxg3 Rxc2+
42.Kb1 Rc3 43.Qd7+ Kh6 44.Qxd4 Rxb3+ 45.Ka2 Rf3 46.Qh8+ Kg5 47.Qh4+
Kf5 48.g4+ Ke6 49.Qh6 Rf6 50.Qg7 Rf2+ 51.Kb1 Rf6 52.g5 Rf4 53.Kc2
Rf2+ 54.Kd1 1-0

[Event "Frantisek Zita Memorial (13. Prague Festival)"]
[Site "Praha"]
[Date "2017.07.09"]
[Round "9.4"]
[White "Vokoun, Jan"]
[Black "Kulhanek, Tomas"]
[Result "1/2-1/2"]
[WhiteElo "2104"]
[BlackElo "2347"]
[Annotator ""]
[Source ""]
[Remark ""]

1.d4 d6 2.e4 Nf6 3.Nc3 g6 4.g3 Bg7 5.Bg2 O-O 6.Nge2 c6 7.h3 Nbd7
8.a4 e5 9.O-O Re8 10.Be3 exd4 11.Bxd4 b6 12.Re1 Bb7 13.f3 Qc7
14.Bf2 a6 15.Qd2 b5 16.Rad1 Bf8 17.b3 b4 18.Na2 a5 19.c4 bxc3
20.Naxc3 Nc5 21.Qc2 Ba6 22.Nd4 Nfd7 23.Bf1 Bxf1 24.Kxf1 Na6 25.Na2
Ndc5 26.Kg2 Rab8 27.Re2 Bg7 28.Nc1 h5 29.h4 Qb7 30.Qc4 Red8 31.Be1
Qb6 32.Nc2 Nc7 33.Ne3 N7e6 34.Bc3 Be5 35.Be1 Kh7 36.f4 Bf6 37.f5
gxf5 38.exf5 d5 39.Qc2 Nd4 40.Rxd4 Bxd4 41.f6+ Ne4 42.Nc4 dxc4
43.Qxe4+ Kg8 44.Qf4 Qc5 45.Qh6 Bxf6 46.Qxf6 Qd5+ 47.Kh2 Rd6 48.bxc4
Rxf6 49.cxd5 cxd5 50.Nd3 Re6 51.Rf2 Re3 52.Rd2 Rbe8 53.Kg2 d4
54.Rd1 Rxd3 55.Rxd3 Rxe1 56.Rxd4 Ra1 57.Kf3 Kg7 58.Rd5 Rxa4 59.Rxh5
Ra3+ 60.Kf4 Ra1 61.Rb5 Rf1+ 62.Kg5 a4 1/2-1/2

[Event "Frantisek Zita Memorial (13. Prague Festival)"]
[Site "Praha"]
[Date "2017.07.09"]
[Round "9.5"]
[White "Burdalev, Kirill"]
[Black "Soural, Jan"]
[Result "1-0"]
[WhiteElo "2343"]
[BlackElo "2217"]
[Annotator ""]
[Source ""]
[Remark ""]

1.Nf3 f5 2.g3 Nf6 3.Bg2 g6 4.b3 Bg7 5.Bb2 O-O 6.O-O d6 7.d4 e6
8.Nbd2 a5 9.a3 Qe7 10.Re1 d5 11.Ne5 Nbd7 12.Nd3 g5 13.f3 g4 14.c4
c6 15.a4 Qf7 16.e4 gxf3 17.exd5 exd5 18.Nxf3 Ne4 19.Qc2 Ndf6
20.Nfe5 Qc7 21.Nf4 Qb6 22.Rac1 Ng4 23.c5 Qc7 24.Nxg4 fxg4 25.Bxe4
dxe4 26.d5 Bf5 27.d6 Qd7 28.Qc4+ Qf7 29.Bxg7 Qxc4 30.Rxc4 Kxg7
31.Rcxe4 Bxe4 32.Ne6+ Kf6 33.Nxf8 Bf5 34.d7 1-0